[Event "Budapest zt 1.4"]
[Site "Budapest"]
[Date "2000.06.20"]
[Round "4"]
[White "Spasov, Vasil"]
[Black "Meduna, Eduard"]
[Result "1/2-1/2"]
[WhiteElo "2590"]
[BlackElo "2495"]
[EventDate "2000.06.17"]
[PlyCount "122"]

1.e4 c6 2.d4 d5 3.Nd2 dxe4 4.Nxe4 Nd7 5.Ng5 Ngf6 6.Bd3 e6 7.N1f3 Bd6 8.Qe2
h6 9.Ne4 Nxe4 10.Qxe4 Qc7 11.Qg4 Rg8 12.Nd2 Nf6 13.Qf3 b6 14.Nc4 Bb7 15.
Nxd6+ Qxd6 16.Bf4 Qd5 17.Qxd5 Nxd5 18.Bd2 O-O-O 19.Be2 Nf6 20.c3 Rge8 21.
O-O-O e5 22.dxe5 Rxe5 23.Bc4 c5 24.f3 Nd5 25.Rhe1 Rde8 26.Rxe5 Rxe5 27.Bd3
f6 28.h4 Bc6 29.g3 Kb7 30.b3 Re7 31.Re1 Rxe1+ 32.Bxe1 Ne7 33.Be2 Kc7 34.
Kd2 Kd7 35.h5 Bd5 36.g4 a5 37.c4 Be6 38.Ke3 Nc6 39.Bc3 Ne5 40.Bd1 Kd6 41.
Bc2 a4 42.Bd1 axb3 43.axb3 Bd7 44.Be2 Ke7 45.Kf4 Nf7 46.Ke4 Be6 47.f4 Nd6+
48.Ke3 Nf7 49.Kf3 Bd7 50.Bd3 Bc6+ 51.Be4 Bxe4+ 52.Kxe4 Ke6 53.Kd3 Nd6 54.
b4 Nf7 55.bxc5 bxc5 56.Bd2 Nd6 57.Bc3 Nf7 58.Bd2 Nd6 59.Be3 Nb7 60.Bf2 Kd6
61.Bg3 Ke6 1/2-1/2

[Event "Budapest zt 1.4"]
[Site "Budapest"]
[Date "2000.06.20"]
[Round "4"]
[White "Vajda, Levente"]
[Black "Horvath, Csaba"]
[Result "1-0"]
[WhiteElo "2459"]
[BlackElo "2519"]
[EventDate "2000.06.17"]
[PlyCount "67"]

1.e4 c5 2.c3 d5 3.exd5 Qxd5 4.d4 Nf6 5.Nf3 e6 6.Be3 cxd4 7.cxd4 Nc6 8.Nc3 
Qd6 9.a3 Be7 10.Bd3 b6 11.Rc1 O-O 12.Nb5 Qd7 13.O-O Bb7 14.Qe2 Nd5 15.Rfd1
Rfd8 16.Bb1 Rac8 17.Qd3 g6 18.h4 Ba6 19.a4 Nxe3 20.fxe3 Qd5 21.Qf1 Bb7 22.
Qf2 Bf6 23.Rf1 Bg7 24.Ng5 Rf8 25.Ne4 Ba8 26.Ned6 Rcd8 27.Be4 Qb3 28.Bxc6 
a6 29.Nc7 Bxc6 30.Rxc6 Qb4 31.Nxa6 Qxa4 32.Rxb6 Qa5 33.Nc4 Qd5 34.b3 1-0

[Event "Budapest zt 1.4"]
[Site "Budapest"]
[Date "2000.06.20"]
[Round "4"]
[White "Varga, Zoltan"]
[Black "Jaracz, Pawel"]
[Result "1-0"]
[WhiteElo "2530"]
[BlackElo "2490"]
[EventDate "2000.06.17"]
[PlyCount "63"]

1.e4 c5 2.Nf3 e6 3.d4 cxd4 4.Nxd4 a6 5.Bd3 g6 6.b3 d6 7.Bb2 Nf6 8.O-O Bg7 
9.Qe2 Nbd7 10.c4 O-O 11.Nd2 b6 12.Nc6 Qe8 13.e5 dxe5 14.Nxe5 Bb7 15.Ndf3 
Nc5 16.Bc2 Nh5 17.Qe3 f6 18.b4 fxe5 19.bxc5 Nf4 20.Be4 Bxe4 21.Qxe4 Nxg2 
22.Nxe5 Nf4 23.cxb6 Qe7 24.Kh1 Rad8 25.Rae1 Rf5 26.Nc6 Qh4 27.Bc1 Rdf8 28.
Bxf4 Rxf4 29.Qxe6+ Kh8 30.b7 Rxf2 31.Rxf2 Qxf2 32.Qe3 1-0

[Event "Budapest zt 1.4"]
[Site "Budapest"]
[Date "2000.06.21"]
[Round "5"]
[White "Delchev, Aleksander"]
[Black "Grigore, George Gabriel"]
[Result "1/2-1/2"]
[WhiteElo "2560"]
[BlackElo "2521"]
[EventDate "2000.06.17"]
[PlyCount "50"]

1.c4 g6 2.g3 Bg7 3.Bg2 d6 4.Nc3 e5 5.d3 Nc6 6.e4 f5 7.Nge2 Nh6 8.h4 fxe4 
9.Bg5 Qd7 10.dxe4 Qf7 11.Nd5 Nd4 12.Nxd4 exd4 13.h5 Ng4 14.f3 c6 15.fxg4 
cxd5 16.Rf1 Qe6 17.cxd5 Qxg4 18.Qxg4 Bxg4 19.Kd2 Be5 20.Bf6 Rf8 21.Bxe5 
dxe5 22.hxg6 hxg6 23.Rxf8+ Kxf8 24.Rc1 Kg8 25.Kd3 Rf8 1/2-1/2

[Event "Budapest zt 1.4"]
[Site "Budapest"]
[Date "2000.06.21"]
[Round "5"]
[White "Horvath, Csaba"]
[Black "Radulski, Julian"]
[Result "1/2-1/2"]
[WhiteElo "2519"]
[BlackElo "2421"]
[EventDate "2000.06.17"]
[PlyCount "34"]

1.d4 d5 2.c4 e6 3.Nf3 Nf6 4.g3 Nbd7 5.Bg2 c6 6.O-O Bd6 7.Nc3 O-O 8.Nd2 Bc7
9.e4 dxe4 10.Ndxe4 Nxe4 11.Nxe4 e5 12.Bg5 f6 13.Be3 f5 14.Ng5 Nf6 15.dxe5 
Qxd1 16.Raxd1 Bxe5 17.Bd4 Bxd4 1/2-1/2

[Event "Budapest zt 1.4"]
[Site "Budapest"]
[Date "2000.06.21"]
[Round "5"]
[White "Ionescu, Constantin"]
[Black "Varga, Zoltan"]
[Result "1/2-1/2"]
[WhiteElo "2446"]
[BlackElo "2530"]
[EventDate "2000.06.17"]
[PlyCount "104"]

1.d4 d6 2.e4 Nf6 3.f3 d5 4.e5 Ng8 5.Be3 e6 6.f4 Nh6 7.Nd2 Nf5 8.Bf2 h5 9.
Bd3 Be7 10.Ne2 g6 11.c3 b6 12.O-O Qd7 13.Nf3 Ba6 14.Bc2 Kf8 15.Re1 c5 16.
Qd2 Nc6 17.Rad1 Rc8 18.g3 Bc4 19.Bb1 Qb7 20.Kg2 Qa6 21.b3 Bxe2 22.Qxe2 
Qxe2 23.Rxe2 Na5 24.h3 c4 25.b4 Nc6 26.g4 Ng7 27.Be1 Ke8 28.Bc2 Kd7 29.Bd2
Rcf8 30.Ree1 Kc7 31.a4 Bd8 32.Ra1 Be7 33.Rf1 Bd8 34.Kg3 Kb7 35.Rae1 Ka8 
36.Rh1 Kb7 37.Ref1 Ka8 38.Bb1 Kb7 39.Ne1 Rfg8 40.Kf3 Rh7 41.Kg2 Rhh8 42.
Nf3 Rf8 43.Be1 Rfg8 44.Ng5 Bxg5 45.fxg5 Nd8 46.Bd2 a6 47.Bc2 h4 48.Rf3 Ne8
49.Rhf1 Rh7 50.Bc1 Kc7 51.Ba3 Kd7 52.b5 a5 1/2-1/2

[Event "Budapest zt 1.4"]
[Site "Budapest"]
[Date "2000.06.21"]
[Round "5"]
[White "Janev, Evgeni"]
[Black "Nevednichy, Vladislav"]
[Result "0-1"]
[WhiteElo "2339"]
[BlackElo "2589"]
[EventDate "2000.06.17"]
[PlyCount "98"]

1.e4 c5 2.Nf3 d6 3.d4 cxd4 4.Qxd4 Nc6 5.Bb5 Bd7 6.Bxc6 Bxc6 7.c4 Nf6 8.Nc3
g6 9.O-O Bg7 10.Qd3 O-O 11.Nd4 Rc8 12.Rd1 Nd7 13.Qe2 a6 14.Be3 e6 15.Rac1 
Qe7 16.b4 b6 17.f3 Be5 18.Qd2 Rfd8 19.Nde2 Ba8 20.Qd3 Qh4 21.h3 Qe7 22.Na4
Rb8 23.f4 Bf6 24.a3 g5 25.Qxd6 Qe8 26.Nac3 Rbc8 27.fxg5 Ne5 28.Qxb6 Nxc4 
29.Qa7 Nxe3 30.Qxe3 Be5 31.Nd4 Rd7 32.Nce2 Rcd8 33.Kf2 Bb8 34.Ke1 Ba7 35.
Qc3 Bxe4 36.Nf3 Rxd1+ 37.Rxd1 Bf2+ 38.Kxf2 Rxd1 39.Ne5 Qd8 40.Ng4 Qb6+ 41.
Qc5 Qxc5+ 42.bxc5 Bb7 43.Ke3 Ra1 44.Nf6+ Kg7 45.Nd4 Rxa3+ 46.Kd2 Bxg2 47.
h4 Kg6 48.c6 Ra4 49.Ke3 e5 0-1

[Event "Budapest zt 1.4"]
[Site "Budapest"]
[Date "2000.06.21"]
[Round "5"]
[White "Konopka, Michal"]
[Black "Blehm, Pawel"]
[Result "0-1"]
[WhiteElo "2442"]
[BlackElo "2494"]
[EventDate "2000.06.17"]
[PlyCount "106"]

1.d4 Nf6 2.Nf3 g6 3.g3 Bg7 4.Bg2 O-O 5.c4 d6 6.O-O Nc6 7.Nc3 a6 8.Qd3 Nd7 
9.Bg5 h6 10.Be3 Rb8 11.Rac1 e6 12.b3 Ne7 13.Bd2 b5 14.e4 bxc4 15.Qxc4 Bb7 
16.Be3 Nf6 17.Rfd1 Nxe4 18.Nxe4 Bxe4 19.Qxc7 Qxc7 20.Rxc7 Nd5 21.Rc4 Nb4 
22.Bd2 a5 23.Bxb4 axb4 24.Ne1 d5 25.Rcc1 Bf5 26.h3 g5 27.g4 Bg6 28.Nf3 
Rfc8 29.Ne5 Bxe5 30.dxe5 Rc3 31.Bf1 Ra8 32.Ra1 Kg7 33.Kg2 Bc2 34.Rd4 Be4+ 
35.Kh2 Rf3 36.Rxb4 Rxf2+ 37.Kg1 Raxa2 38.Rxa2 Rxa2 39.Rb7 Rb2 40.Rb8 Bf3 
41.b4 Be2 42.Bxe2 Rxe2 43.Rc8 Rxe5 44.Rc1 d4 45.Rb1 d3 46.Kf2 d2 47.Rd1 
Rb5 48.Rxd2 Rxb4 49.Rd7 h5 50.Kg3 Rf4 51.Rb7 Kg6 52.Rb6 Rd4 53.Ra6 Rd2 0-1

[Event "Budapest zt 1.4"]
[Site "Budapest"]
[Date "2000.06.21"]
[Round "5"]
[White "Macieja, Bartlomiej"]
[Black "Polak, Tomas"]
[Result "1/2-1/2"]
[WhiteElo "2538"]
[BlackElo "2503"]
[EventDate "2000.06.17"]
[PlyCount "109"]

1.e4 b6 2.d4 Bb7 3.Bd3 Nf6 4.Nd2 e6 5.c3 c5 6.Ngf3 Nc6 7.a3 d5 8.e5 Nd7 9.
b4 c4 10.Bc2 b5 11.Nf1 a5 12.Bd2 f6 13.exf6 Nxf6 14.Ng3 axb4 15.axb4 Rxa1 
16.Qxa1 Bd6 17.O-O O-O 18.Ng5 Bc8 19.f4 Qc7 20.Qe1 Nd8 21.Bb1 Bd7 22.Bc1 
Qc8 23.Ne2 Nf7 24.Nf3 Be7 25.Ne5 Nd6 26.g4 Nfe4 27.Ng3 Bh4 28.Kg2 Be8 29.
Bc2 Qa8 30.Bb2 Qb7 31.Qe3 Bxg3 32.hxg3 Bg6 33.Ra1 Ra8 34.Qc1 Ra6 35.Ra5 
Rxa5 36.bxa5 Qa6 37.Qa1 b4 38.Qa4 bxc3 39.Ba3 Nb5 40.Qb4 Ned6 41.Nxg6 hxg6
42.Bxg6 Qa7 43.Qa4 c2 44.Bxd6 Nxd6 45.Bxc2 Qxd4 46.a6 Ne4 47.Kh3 Qg1 48.
Qe8+ Kh7 49.Qh5+ Kg8 50.Qe8+ Kh7 51.Qh5+ Kg8 52.Bxe4 dxe4 53.Qe8+ Kh7 54.
Qh5+ Kg8 55.Qe8+ 1/2-1/2

[Event "Budapest zt 1.4"]
[Site "Budapest"]
[Date "2000.06.21"]
[Round "5"]
[White "Meduna, Eduard"]
[Black "Socko, Bartosz"]
[Result "1-0"]
[WhiteElo "2495"]
[BlackElo "2556"]
[EventDate "2000.06.17"]
[PlyCount "105"]

1.d4 Nf6 2.Nf3 g6 3.Nbd2 Bg7 4.e4 O-O 5.c3 d6 6.Bd3 e5 7.O-O Nbd7 8.dxe5 
dxe5 9.b4 b6 10.Nc4 Bb7 11.Re1 Re8 12.Bg5 h6 13.Bh4 a5 14.Qc2 Ra7 15.Nfd2 
Bf8 16.a3 Qa8 17.Rad1 axb4 18.axb4 Nh5 19.Ne3 Nf4 20.Bc4 Bc6 21.b5 Bb7 22.
Nf3 Bd6 23.Nd5 Bxd5 24.exd5 Nc5 25.Bg3 e4 26.Bxf4 Bxf4 27.d6 Bxd6 28.Bd5 
Qd8 29.Bc6 Re7 30.Nd4 Ra5 31.Bd5 Bxh2+ 32.Kxh2 Qxd5 33.Nc6 Qh5+ 34.Kg1 Re5
35.Rd8+ Kg7 36.c4 f6 37.Nxa5 bxa5 38.Qd2 Re7 39.Rd5 Re5 40.Rxc5 Rxc5 41.
Qd7+ Kf8 42.Qd8+ Kf7 43.Rxe4 Re5 44.Qxc7+ Ke6 45.g4 Qh3 46.Qc6+ Ke7 47.b6 
Qb3 48.Rxe5+ fxe5 49.b7 Qd1+ 50.Kh2 Qd4 51.Qf3 Qd6 52.c5 Qb8 53.Qc6 1-0

[Event "Budapest zt 1.4"]
[Site "Budapest"]
[Date "2000.06.21"]
[Round "5"]
[White "Mrva, Martin"]
[Black "Hracek, Zbynek"]
[Result "1-0"]
[WhiteElo "2426"]
[BlackElo "2620"]
[EventDate "2000.06.17"]
[PlyCount "107"]

1.e4 c5 2.Nf3 d6 3.d4 cxd4 4.Nxd4 Nf6 5.Nc3 a6 6.Bd3 g6 7.O-O Bg7 8.Kh1 
Nbd7 9.f4 Qc7 10.f5 b5 11.a3 Bb7 12.Qe1 Ne5 13.Nf3 Nfg4 14.Be2 Nxf3 15.
Rxf3 Ne5 16.Rg3 Bf6 17.Qf1 Bc6 18.Bh6 Qb7 19.Nd5 Bxd5 20.exd5 Kd7 21.Rb3 
Rhc8 22.c4 g5 23.a4 b4 24.Rg3 Rg8 25.b3 Qb6 26.Rd1 Rac8 27.Bh5 Kc7 28.Qe2 
Kb7 29.Qd2 Qc5 30.Rf1 g4 31.Be3 Qa5 32.Bf4 Qc5 33.Be3 Qa5 34.Bd4 Rg7 35.
Bxe5 Bxe5 36.Rxg4 Rxg4 37.Bxg4 h5 38.Bxh5 Rh8 39.g4 Qc5 40.Re1 a5 41.Re4 
f6 42.Kg2 Qc8 43.h3 Qc5 44.Qe1 Kc8 45.Bg6 Bc3 46.Qh1 Kd8 47.h4 Bd2 48.Qd1 
Bc3 49.h5 Kd7 50.Qe2 Be5 51.Qe1 Qc8 52.Qe3 Qc5 53.Qxc5 dxc5 54.Rxe5 1-0

[Event "Budapest zt 1.4"]
[Site "Budapest"]
[Date "2000.06.21"]
[Round "5"]
[White "Pinter, Jozsef"]
[Black "Bratanov, Zsivko"]
[Result "1-0"]
[WhiteElo "2553"]
[BlackElo "2332"]
[EventDate "2000.06.17"]
[PlyCount "51"]

1.d4 d5 2.Nf3 Nf6 3.c4 dxc4 4.e3 e6 5.Bxc4 c5 6.O-O a6 7.Bb3 Nc6 8.Qe2 
cxd4 9.Rd1 d3 10.Rxd3 Qc7 11.Nc3 Bd6 12.e4 Ng4 13.h3 Nge5 14.Rd1 O-O 15.
Be3 Nxf3+ 16.Qxf3 b5 17.Qg4 Bb7 18.Rac1 Qe7 19.Bg5 Qc7 20.Bf6 g6 21.Nd5 
exd5 22.exd5 Rfc8 23.dxc6 Bxc6 24.Bd5 Bh2+ 25.Kh1 Qb7 26.Kxh2 1-0

[Event "Budapest zt 1.4"]
[Site "Budapest"]
[Date "2000.06.22"]
[Round "6"]
[White "Balogh, Tomas"]
[Black "Grigore, George Gabriel"]
[Result "1/2-1/2"]
[WhiteElo "2433"]
[BlackElo "2521"]
[EventDate "2000.06.17"]
[PlyCount "36"]

1.d4 Nf6 2.c4 g6 3.Nc3 Bg7 4.e4 d6 5.f3 O-O 6.Be3 a6 7.Bd3 c5 8.Nge2 Nc6 
9.Qd2 Ng4 10.fxg4 cxd4 11.Nxd4 Nxd4 12.g5 Bd7 13.O-O Bc6 14.Nd5 Bxd5 15.
cxd5 Rc8 16.Rac1 Qd7 17.Qb4 e5 18.h3 Rfe8 1/2-1/2

[Event "Budapest zt 1.4"]
[Site "Budapest"]
[Date "2000.06.22"]
[Round "6"]
[White "Chernin, Alexander"]
[Black "Markowski, Tomasz"]
[Result "1-0"]
[WhiteElo "2583"]
[BlackElo "2531"]
[EventDate "2000.06.17"]
[PlyCount "61"]

1.d4 d5 2.c4 e6 3.Nf3 c6 4.Bg5 Be7 5.Bxe7 Qxe7 6.e3 Nf6 7.Nc3 O-O 8.Qc2 
Nbd7 9.cxd5 exd5 10.Bd3 Re8 11.O-O Nf8 12.a3 Ng6 13.Nd2 Be6 14.b4 Rad8 15.
Rfc1 a6 16.Na4 Ng4 17.Nf1 Qh4 18.Ra2 Re7 19.Nc5 Bc8 20.a4 Rd6 21.Qd2 Qh6 
22.b5 Nh4 23.bxa6 bxa6 24.Rb2 Re8 25.Rb8 Qg5 26.e4 Qh5 27.e5 Rh6 28.Qf4 
Ng6 29.Bxg6 Rxg6 30.h3 Nh6 31.Ng3 1-0

[Event "Budapest zt 1.4"]
[Site "Budapest"]
[Date "2000.06.22"]
[Round "6"]
[White "Horvath, Csaba"]
[Black "Janev, Evgeni"]
[Result "1-0"]
[WhiteElo "2519"]
[BlackElo "2339"]
[EventDate "2000.06.17"]
[PlyCount "161"]

1.d4 Nf6 2.c4 d6 3.Nc3 g6 4.e4 Bg7 5.h3 O-O 6.Nf3 e5 7.d5 Nh5 8.Nh2 Kh8 9.
Be2 Nf4 10.Bf3 f5 11.h4 c6 12.g3 fxe4 13.Nxe4 cxd5 14.cxd5 Qa5+ 15.Nc3 e4 
16.Bxf4 exf3 17.O-O Bh3 18.Bxd6 Nd7 19.Bxf8 Rxf8 20.Re1 Ne5 21.d6 Bf5 22.
Qd5 Qxd5 23.Nxd5 Nd3 24.Re3 Nxb2 25.Rxf3 Nc4 26.Rd1 Rd8 27.Ne3 Be6 28.Nxc4
Bxc4 29.Rd2 Bh6 30.Rd4 Be6 31.a4 Bg7 32.Rd1 a5 33.Re3 Bd7 34.Ra3 Bc6 35.
Nf3 h6 36.h5 g5 37.Nh2 Bf8 38.Ng4 Kg7 39.Re3 Bxa4 40.Rb1 Bc6 41.Ne5 Bd5 
42.Rd1 Bg8 43.Rc3 Be6 44.Ng6 Rxd6 45.Rb1 Rd7 46.Nxf8 Kxf8 47.Ra3 Bf7 48.
Rxa5 Bxh5 49.f4 Bg6 50.Rb6 Be4 51.Rxh6 g4 52.Rg5 Rd1+ 53.Kf2 Bf3 54.f5 Rd5
55.Rf6+ Ke7 56.Re6+ Kf7 57.Rb6 Re5 58.Rh5 Bc6 59.Rh7+ Kg8 60.Rh5 Kf7 61.
Rb4 Bf3 62.Rf4 Ra5 63.Rh7+ Kf6 64.Rh6+ Kg7 65.Rd6 Kf7 66.f6 Ra2+ 67.Ke3 
Re2+ 68.Kd3 Re8 69.Rd7+ Ke6 70.Rg7 Rf8 71.Re7+ Kd6 72.Rd4+ Bd5 73.Rxb7 Kc6
74.Ra7 Kb6 75.Re7 Kc6 76.Re5 Ba2 77.Ra5 Bb1+ 78.Ke3 Re8+ 79.Kf4 Rf8 80.
Kxg4 Rxf6 81.Ra6+ 1-0

[Event "Budapest zt 1.4"]
[Site "Budapest"]
[Date "2000.06.22"]
[Round "6"]
[White "Hracek, Zbynek"]
[Black "Bratanov, Zsivko"]
[Result "1-0"]
[WhiteElo "2620"]
[BlackElo "2332"]
[EventDate "2000.06.17"]
[PlyCount "59"]

1.e4 e5 2.Nf3 Nf6 3.Nxe5 d6 4.Nf3 Nxe4 5.d4 d5 6.Bd3 Bd6 7.O-O O-O 8.c4 c6
9.Re1 Bf5 10.Qc2 Bg6 11.c5 Bc7 12.Nc3 Nxc3 13.Qxc3 Nd7 14.Bg5 f6 15.Bh4 
Ba5 16.b4 Bxb4 17.Qxb4 Bxd3 18.Re3 Ba6 19.Rae1 Rf7 20.Bg3 Nf8 21.Qb1 b6 
22.Bd6 bxc5 23.dxc5 Qa5 24.Qd1 Rc8 25.Nd4 Qxa2 26.Nf5 Qc4 27.Re7 d4 28.
Rxf7 Kxf7 29.Qh5+ g6 30.Qh6 1-0

[Event "Budapest zt 1.4"]
[Site "Budapest"]
[Date "2000.06.22"]
[Round "6"]
[White "Jaracz, Pawel"]
[Black "Blatny, Pavel"]
[Result "0-1"]
[WhiteElo "2490"]
[BlackElo "2512"]
[EventDate "2000.06.17"]
[PlyCount "136"]

1.e4 c6 2.d4 g6 3.Nc3 d5 4.h3 Bg7 5.Nf3 Nf6 6.e5 Nfd7 7.Bf4 Nf8 8.Qd2 h6 
9.Be2 b6 10.Be3 Ba6 11.Bxa6 Nxa6 12.Nh2 Nc7 13.f4 f5 14.exf6 exf6 15.f5 g5
16.h4 Qd7 17.Qd3 O-O-O 18.O-O-O Ne8 19.Nf1 Nd6 20.hxg5 fxg5 21.g4 Nh7 22.
Nd2 Nf6 23.Rhg1 Rde8 24.Rdf1 Rhf8 25.a4 Rf7 26.b3 b5 27.axb5 cxb5 28.Nf3 
Qb7 29.Ne5 Rc7 30.Bd2 Qa6 31.Nb1 Nde4 32.Bb4 Kb8 33.Na3 Rb7 34.Kb2 Rc8 35.
Ra1 Qb6 36.Nb1 Nf2 37.Qg3 Qxd4+ 38.c3 Qf4 39.Qxf4 gxf4 40.Nd2 N2e4 41.Ndf3
Nd7 42.Nxd7+ Rxd7 43.Nd4 Bxd4 44.cxd4 f3 45.Raf1 f2 46.Rg2 Rg8 47.f6 Rf7 
48.Be7 Kb7 49.Kc2 Rg5 50.Kd3 h5 51.Ke3 hxg4 52.Rfxf2 Nxf2 53.Rxf2 Rg6 54.
b4 g3 55.Rg2 Kc6 56.Kf4 Rfxf6+ 57.Bxf6 Rxf6+ 58.Ke5 Rg6 59.Rc2+ Kb6 60.Rg2
Rg5+ 61.Kf4 Rg8 62.Ke5 Kc6 63.Rc2+ Kd7 64.Rg2 Rg4 65.Kxd5 Rg5+ 66.Ke4 Kd6 
67.Kf4 Rg7 68.Ke4 Rg8 0-1

[Event "Budapest zt 1.4"]
[Site "Budapest"]
[Date "2000.06.22"]
[Round "6"]
[White "Macieja, Bartlomiej"]
[Black "Meduna, Eduard"]
[Result "1-0"]
[WhiteElo "2538"]
[BlackElo "2495"]
[EventDate "2000.06.17"]
[PlyCount "111"]

1.e4 c6 2.Nc3 d5 3.d4 dxe4 4.Nxe4 Nd7 5.Ng5 Ngf6 6.Bd3 e6 7.N1f3 Bd6 8.Qe2
h6 9.Ne4 Nxe4 10.Qxe4 Nf6 11.Qe2 Qc7 12.Bd2 b6 13.O-O-O Bb7 14.Ne5 O-O-O 
15.f4 h5 16.Rhe1 Kb8 17.g3 c5 18.Nc4 cxd4 19.f5 Ka8 20.Nxd6 Qxd6 21.fxe6 
Rhe8 22.e7 Rd7 23.Bf4 Qxe7 24.Qxe7 Rdxe7 25.Rxe7 Rxe7 26.Bg5 Re6 27.Bc4 
Bd5 28.Bxf6 Bxc4 29.Bxg7 d3 30.b3 Ba6 31.c4 Rd6 32.Kd2 Bc8 33.Rf1 Be6 34.
Rf4 b5 35.cxb5 Rd5 36.Ra4 Bd7 37.Bd4 Bxb5 38.Rxa7+ Kb8 39.Ra5 Kb7 40.Be3 
Kc8 41.Ra8+ Kd7 42.a4 Bc6 43.Ra7+ Ke6 44.b4 Rd8 45.Ra6 Kd5 46.Kxd3 Ke5+ 
47.Kc3 Bd5 48.Bf4+ Ke4 49.Ra7 Be6 50.Re7 Rd3+ 51.Kc2 Ra3 52.b5 Kd4 53.b6 
Bd5 54.b7 Bxb7 55.Rxb7 Rxa4 56.h4 1-0

[Event "Budapest zt 1.4"]
[Site "Budapest"]
[Date "2000.06.22"]
[Round "6"]
[White "Mrva, Martin"]
[Black "Pinter, Jozsef"]
[Result "1-0"]
[WhiteElo "2426"]
[BlackElo "2553"]
[EventDate "2000.06.17"]
[PlyCount "95"]

1.e4 e5 2.Nf3 Nc6 3.Bb5 Nf6 4.d3 d6 5.c4 g6 6.Bg5 h6 7.Be3 Bg7 8.Qc1 Bd7 
9.Nc3 a6 10.Bxc6 bxc6 11.h3 c5 12.Qd2 Be6 13.O-O-O Nd7 14.Nh2 Rb8 15.g4 
Rb4 16.Rdg1 Nb8 17.Nf1 Nc6 18.Ng3 Bf8 19.Nd5 Rb7 20.g5 Bxd5 21.exd5 Nd4 
22.Bxd4 cxd4 23.h4 h5 24.f4 Qd7 25.Re1 Bg7 26.f5 gxf5 27.Rhf1 f4 28.Rxf4 
f6 29.Rf2 fxg5 30.hxg5 c6 31.dxc6 Qxc6 32.Kb1 Kd8 33.Qa5+ Kc8 34.Ne4 Kb8 
35.Qd5 Qxd5 36.cxd5 h4 37.Rh1 Bf8 38.Rfh2 Rbh7 39.Nf6 Rg7 40.Rxh4 Rxh4 41.
Rxh4 Be7 42.Ne4 Kc7 43.Rg4 Rg6 44.Kc2 Kb6 45.Rg2 Kc7 46.Kb3 Kb7 47.Kc4 Kc7
48.b4 1-0

[Event "Budapest zt 1.4"]
[Site "Budapest"]
[Date "2000.06.22"]
[Round "6"]
[White "Radulski, Julian"]
[Black "Socko, Bartosz"]
[Result "0-1"]
[WhiteElo "2421"]
[BlackElo "2556"]
[EventDate "2000.06.17"]
[PlyCount "76"]

1.e4 e5 2.Nf3 Nc6 3.d4 exd4 4.Nxd4 Bc5 5.Be3 Qf6 6.c3 Nge7 7.g3 d5 8.Bg2 
dxe4 9.Nb5 Bxe3 10.Nxc7+ Kf8 11.O-O Rb8 12.fxe3 Qe5 13.Qb3 f5 14.Nb5 g6 
15.Nd2 Be6 16.Qa4 Kg7 17.Nd4 h5 18.Rad1 h4 19.Rf4 hxg3 20.hxg3 b5 21.Qa3 
b4 22.Qa4 Nxd4 23.cxd4 Qc7 24.Nb3 Nd5 25.Nc5 Nxf4 26.gxf4 Qe7 27.Qa5 Bd5 
28.Na6 Rb6 29.Rc1 Bf7 30.Nc7 Rb7 31.Rc6 Rc8 32.d5 Qd7 33.Ne6+ Bxe6 34.Rxe6
Rb5 35.Qa4 a5 36.Ra6 Rxd5 37.Rxa5 Rd1+ 38.Kh2 Qxa4 0-1

[Event "Budapest zt 1.4"]
[Site "Budapest"]
[Date "2000.06.23"]
[Round "7"]
[White "Acs, Peter"]
[Black "Manik, Mikulas"]
[Result "1/2-1/2"]
[WhiteElo "2542"]
[BlackElo "2469"]
[EventDate "2000.06.17"]
[PlyCount "81"]

1.e4 c5 2.Nf3 e6 3.d4 cxd4 4.Nxd4 a6 5.Bd3 Qb6 6.Nb3 Qc7 7.O-O Nf6 8.Be3 
d6 9.c4 Nbd7 10.Nc3 Ne5 11.f3 Be7 12.Rc1 b6 13.Be2 Bb7 14.Nd4 Ned7 15.Qe1 
Rc8 16.Qg3 g6 17.Qh3 Qb8 18.g4 h6 19.g5 Nh5 20.gxh6 e5 21.Nb3 Nf4 22.Bxf4 
exf4 23.Nd5 Bg5 24.h7 Nf8 25.Qg2 Ne6 26.Nxb6 Rd8 27.Nd5 Bh4 28.Qg4 Rxh7 
29.Nxf4 Bc8 30.Nxe6 Bxe6 31.Qf4 Qb6+ 32.c5 Qb4 33.Rfd1 dxc5 34.Rxd8+ Bxd8 
35.Nxc5 Bb6 36.Qb8+ Ke7 37.Kh1 Qxb2 38.Rd1 Qxe2 39.Qd6+ Ke8 40.Qb8+ Ke7 
41.Qd6+ 1/2-1/2

[Event "Budapest zt 1.4"]
[Site "Budapest"]
[Date "2000.06.23"]
[Round "7"]
[White "Balogh, Tomas"]
[Black "Hracek, Zbynek"]
[Result "0-1"]
[WhiteElo "2433"]
[BlackElo "2620"]
[EventDate "2000.06.17"]
[PlyCount "90"]

1.d4 Nf6 2.Nf3 e6 3.Bf4 c5 4.c3 cxd4 5.cxd4 Nc6 6.e3 Qb6 7.Qb3 Qxb3 8.axb3
Bb4+ 9.Nbd2 Nh5 10.Bg3 h6 11.Bb5 Ke7 12.Ke2 Nxg3+ 13.hxg3 a6 14.Bd3 d5 15.
Ne5 Bd7 16.Ndf3 Bd6 17.g4 Nb4 18.Nxd7 Kxd7 19.Rac1 f6 20.Bg6 Rac8 21.Bb1 
Nc6 22.e4 Ne7 23.g3 Rhf8 24.exd5 Nxd5 25.Be4 Rc6 26.Nd2 Rb6 27.Rc4 Re8 28.
Kd1 Rb5 29.Rh5 Rf8 30.Kc1 Be7 31.Kb1 Rd8 32.Bxd5 exd5 33.Rc1 Bd6 34.Re1 
Bb4 35.Re2 Bxd2 36.Rxd2 Re8 37.Rf5 Re4 38.Rf3 Rxg4 39.Re3 Re4 40.Rc3 Re1+ 
41.Rc1 Rxc1+ 42.Kxc1 Rb4 43.Rd3 h5 44.Kd2 g5 45.Kc3 Rb6 0-1

[Event "Budapest zt 1.4"]
[Site "Budapest"]
[Date "2000.06.23"]
[Round "7"]
[White "Bratanov, Zsivko"]
[Black "Spasov, Vasil"]
[Result "1/2-1/2"]
[WhiteElo "2332"]
[BlackElo "2590"]
[EventDate "2000.06.17"]
[PlyCount "32"]

1.e4 c5 2.Nf3 Nc6 3.d4 cxd4 4.Nxd4 Nf6 5.Nc3 e5 6.Ndb5 d6 7.Bg5 a6 8.Na3 
b5 9.Nd5 Be7 10.Bxf6 Bxf6 11.c3 O-O 12.Nc2 Bg5 13.a4 bxa4 14.Rxa4 a5 15.
Bb5 Bd7 16.Rc4 Rc8 1/2-1/2

[Event "Budapest zt 1.4"]
[Site "Budapest"]
[Date "2000.06.23"]
[Round "7"]
[White "Delchev, Aleksander"]
[Black "Mrva, Martin"]
[Result "0-1"]
[WhiteElo "2560"]
[BlackElo "2426"]
[EventDate "2000.06.17"]
[PlyCount "54"]

1.e4 c5 2.c3 d6 3.d4 Nd7 4.Nf3 e6 5.Bd3 Be7 6.O-O b6 7.Bf4 Bb7 8.Nbd2 Rc8 
9.Re1 g5 10.Nxg5 Bxg5 11.Bxd6 Be7 12.Nc4 b5 13.Bxe7 Kxe7 14.Nd2 Qb6 15.a4 
cxd4 16.Bxb5 Ne5 17.Qh5 dxc3 18.bxc3 Rc5 19.Nb3 Nf6 20.Qh3 Rcc8 21.Nd4 
Rhg8 22.Bf1 Bxe4 23.Rxe4 Nxe4 24.Re1 Rxc3 25.Qh4+ Ng5 26.Nf5+ exf5 27.
Rxe5+ Kf8 0-1

[Event "Budapest zt 1.4"]
[Site "Budapest"]
[Date "2000.06.23"]
[Round "7"]
[White "Grigore, George Gabriel"]
[Black "Polak, Tomas"]
[Result "1/2-1/2"]
[WhiteElo "2521"]
[BlackElo "2503"]
[EventDate "2000.06.17"]
[PlyCount "82"]

1.d4 Nf6 2.c4 e6 3.Nc3 Bb4 4.Qc2 O-O 5.a3 Bxc3+ 6.Qxc3 b6 7.g3 Bb7 8.Nf3 
d6 9.Bg2 Nbd7 10.O-O c5 11.b4 Rc8 12.Bb2 Qe7 13.Rfd1 Rfd8 14.Rac1 h6 15.a4
Be4 16.dxc5 bxc5 17.b5 d5 18.Qa3 dxc4 19.Nd2 Bxg2 20.Kxg2 Nb6 21.a5 Qb7+ 
22.Qf3 Qxf3+ 23.Kxf3 Na4 24.Bxf6 gxf6 25.Nxc4 Rxd1 26.Rxd1 Nc3 27.Rd7 Nxb5
28.e3 Rc7 29.Rd8+ Kg7 30.Ke2 Nc3+ 31.Kd3 Nd5 32.e4 Nb4+ 33.Kc3 Nc6 34.Ra8 
Nb4 35.Rd8 Nc6 36.Ra8 Nb4 37.h4 h5 38.Rd8 Nc6 39.Ra8 Nb4 40.Rd8 Nc6 41.Re8
Nb4 1/2-1/2

[Event "Budapest zt 1.4"]
[Site "Budapest"]
[Date "2000.06.23"]
[Round "7"]
[White "Horvath, Jozsef"]
[Black "Blehm, Pawel"]
[Result "0-1"]
[WhiteElo "2557"]
[BlackElo "2494"]
[EventDate "2000.06.17"]
[PlyCount "106"]

1.d4 Nf6 2.Nf3 g6 3.c4 Bg7 4.g3 O-O 5.Bg2 d6 6.O-O Nc6 7.Nc3 a6 8.b3 Rb8 
9.Nd5 Nh5 10.Bb2 e6 11.Nc3 b5 12.d5 Ne7 13.dxe6 fxe6 14.c5 dxc5 15.Qc2 Nc6
16.Ne4 Nd4 17.Nxd4 cxd4 18.Rad1 e5 19.e3 Bf5 20.exd4 exd4 21.Qc5 Rf7 22.
Rd2 Qe7 23.Qxe7 Rxe7 24.Nc5 d3 25.Bxg7 Nxg7 26.Nxa6 Rd8 27.Nc5 Ne6 28.Nxe6
Rxe6 29.f3 g5 30.Rc1 Re2 31.Rxe2 dxe2 32.Re1 Bd3 33.f4 g4 34.Kf2 b4 35.h3 
h5 36.hxg4 hxg4 37.Ke3 Ba6 38.Kf2 Kg7 39.Be4 Kf6 40.Bc2 Bb5 41.Rh1 Rd2 42.
Rc1 Rd5 43.Rh1 Rc5 44.Be4 Rc3 45.Rh6+ Kg7 46.Rh7+ Kg8 47.Rh1 c6 48.Rg1 Kf7
49.Re1 Ke6 50.Kg2 Re3 51.Bg6 Rf3 52.Bh5 Kf5 53.Rc1 Rf1 0-1

[Event "Budapest zt 1.4"]
[Site "Budapest"]
[Date "2000.06.23"]
[Round "7"]
[White "Ionescu, Constantin"]
[Black "Konopka, Michal"]
[Result "1/2-1/2"]
[WhiteElo "2446"]
[BlackElo "2442"]
[EventDate "2000.06.17"]
[PlyCount "91"]

1.Nf3 Nf6 2.c4 g6 3.Nc3 d5 4.Qa4+ Bd7 5.Qb3 dxc4 6.Qxc4 a6 7.g3 Bg7 8.Bg2 
O-O 9.O-O Nc6 10.d3 Bg4 11.Bf4 Qd7 12.Ne5 Nxe5 13.Bxe5 c6 14.Rfc1 Rac8 15.
b4 Bh3 16.Bf3 Be6 17.Qc5 Bg4 18.Bg2 Qe6 19.Bxf6 Bxf6 20.e3 Qd6 21.d4 Qc7 
22.Nd5 Qd8 23.Nxf6+ exf6 24.a4 Be6 25.Qa7 Rc7 26.Qc5 Rd7 27.b5 cxb5 28.
axb5 b6 29.Qa3 a5 30.Rc6 Bd5 31.Bxd5 Rxd5 32.Qb3 Rd6 33.Rac1 f5 34.Rxd6 
Qxd6 35.Rc6 Qb8 36.Qc4 Qa7 37.Rc7 Qa8 38.d5 a4 39.d6 a3 40.Qa2 Qa4 41.d7 
Rd8 42.Qa1 Qa8 43.h4 h5 44.Rc8 Rxc8 45.dxc8=Q+ Qxc8 46.Qxa3 1/2-1/2

[Event "Budapest zt 1.4"]
[Site "Budapest"]
[Date "2000.06.23"]
[Round "7"]
[White "Janev, Evgeni"]
[Black "Jaracz, Pawel"]
[Result "0-1"]
[WhiteElo "2339"]
[BlackElo "2490"]
[EventDate "2000.06.17"]
[PlyCount "73"]

1.e4 c5 2.Nf3 e6 3.d3 Nc6 4.g3 Nf6 5.Bg2 d5 6.Qe2 Be7 7.O-O O-O 8.e5 Nd7 
9.h4 b5 10.c3 b4 11.c4 Nb6 12.Bf4 a5 13.b3 a4 14.Nbd2 Bb7 15.Rfd1 Ra7 16.
Nf1 Qa8 17.Qb2 f6 18.N1h2 f5 19.Bf1 axb3 20.axb3 Ra3 21.d4 dxc4 22.bxc4 
cxd4 23.Nxd4 Na4 24.Qc1 Nxd4 25.Rxd4 Rxa1 26.Qxa1 Nc5 27.Qe1 b3 28.Qc3 Be4
29.Bc1 Qb7 30.Qd2 Rb8 31.Bb2 Na4 32.c5 Nxb2 33.Rd7 Qb4 34.Qxb2 Bxc5 35.Qc1
b2 36.Qf4 b1=Q 37.Ng4 0-1